000 00464nam a2200193Ia 4500
008 180207s9999 xx 000 0 und d
020 _a810908514
050 _bB299 1989
100 _aBase, Graeme
245 4 _aThe eleventh hour :
245 _ba curious mystery /
245 _cGraeme Base.
260 _aNew York :
260 _bHarry N. Abrams, Inc.,
260 _c1989
300 _aunpaged :
300 _bcolor illustration ;
300 _c32cm.
999 _c355363
_d355363